[Event "Catalunya-chT Gp1"]
[Site "Barcelona"]
[Date "2016.01.23"]
[Round "1.2"]
[White "Cardenas, Fernando Adrian"]
[Black "Ribera Sellares, Pere"]
[Result "1-0"]
[WhiteElo "1964"]
[BlackElo "2019"]
[PlyCount "67"]
[EventDate "2016.01.23"]
[EventType "team-tourn"]
[EventRounds "7"]
[EventCountry "ESP"]
[SourceTitle "CBM 170 Extra"]
[Source "ChessBase"]
[SourceDate "2016.02.25"]
[SourceVersion "1"]
[SourceVersionDate "2016.02.25"]
[SourceQuality "1"]
[WhiteTeam "Barcelona Unio Graciencia"]
[BlackTeam "Catalunya"]
[WhiteTeamCountry "ESP"]
[BlackTeamCountry "ESP"]

1. Nf3 d5 2. d4 Nf6 3. c4 c6 4. e3 Bf5 5. Nc3 e6 6. Nh4 Bg4 7. Qb3 Qb6 8. h3 Bh5 9. g4 Bg6 10. Nxg6 hxg6 11. Bg2 Qb4 12. c5 Na6 13. Qc2 Qa5 14. Bd2 Qc7 15. g5 Nd7 16. f4 b6 17. Qa4 Qb7 18. b4 Nc7 19. Kf2 b5 20. Qc2 Be7 21. a4 a6 22. Ra2 0-0 23. h4 Rfe8 24. Qd1 Bd8 25. h5 Nf8 26. a5 Qc8 27. hxg6 Nxg6 28. Qh5 Qd7 29. Ne2 Rc8 30. Ng3 Na8 31. Bh3 Bc7 32. Bg4 Kf8 33. Qh7 Rcd8 34. Nh5 1-0

[Event "Benidorm op U2000 13th"]
[Site "Benidorm"]
[Date "2014.12.05"]
[Round "8"]
[White "Cardenas, Fernando Adrian"]
[Black "Salgado Gonzalez, Julio"]
[Result "1-0"]
[WhiteElo "1947"]
[BlackElo "1802"]
[PlyCount "58"]
[EventDate "2014.11.28"]
[EventType "swiss"]
[EventRounds "10"]
[EventCountry "ESP"]
[SourceTitle "CBM 163 Extra"]
[Source "ChessBase"]
[SourceDate "2014.12.23"]
[SourceVersion "1"]
[SourceVersionDate "2014.12.23"]
[SourceQuality "1"]

1. Nf3 Nc6 2. d4 d5 3. c4 e6 4. e3 Nf6 5. Nc3 Be7 6. b3 a6 7. Bd3 Na7 8. 0-0 c6 9. Bb2 b6 10. e4 c5 11. e5 Ng8 12. cxd5 exd5 13. dxc5 Bxc5 14. Nxd5 Ne7 15. Nxe7 Qxe7 16. Qe2 Nc6 17. a3 b5 18. Rac1 Bb7 19. e6 fxe6 20. Bxg7 Qxg7 21. Qxe6+ Qe7 22. Qf5 Rf8 23. Qh5+ Kd8 24. Qxc5 Qxc5 25. Rxc5 Kc7 26. b4 Rad8 27. Bxh7 Rf4 28. Rf5 Rc4 29. Rg5 Rf4 1-0

[Event "Benidorm op U2000 13th"]
[Site "Benidorm"]
[Date "2014.12.01"]
[Round "4"]
[White "Cardenas, Fernando Adrian"]
[Black "Tirado Parra, Alberto"]
[Result "0-1"]
[WhiteElo "1947"]
[BlackElo "1873"]
[PlyCount "67"]
[EventDate "2014.11.28"]
[EventType "swiss"]
[EventRounds "10"]
[EventCountry "ESP"]
[SourceTitle "CBM 163 Extra"]
[Source "ChessBase"]
[SourceDate "2014.12.23"]
[SourceVersion "1"]
[SourceVersionDate "2014.12.23"]
[SourceQuality "1"]

1. Nf3 d5 2. d4 Nf6 3. c4 e6 4. g3 dxc4 5. Qa4+ c6 6. Qxc4 b5 7. Qc2 Bb7 8. Bg2 Be7 9. 0-0 0-0 10. Rd1 Qb6 11. a4 a5 12. Na3 Na6 13. e4 Nb4 14. Qe2 Ba6 15. axb5 cxb5 16. Ne5 Rac8 17. Be3 Rfe8 18. g4 h6 19. h4 Rc7 20. g5 hxg5 21. hxg5 Nd7 22. g6 Nxe5 23. dxe5 Bc5 24. Rd6 Nc6 25. Rc1 Bxe3 26. gxf7+ Rxf7 27. fxe3 b4 28. Nc4 Qc5 29. Qc2 Bxc4 30. Qxc4 Qxe3+ 31. Kh1 Nxe5 32. Qc5 Qh6+ 33. Kg1 Ng4 34. Qc2 0-1

[Event "Barcelona Tardor op 2nd"]
[Site "Barcelona"]
[Date "2014.11.10"]
[Round "6"]
[White "Montero Domenech, Felix"]
[Black "Cardenas, Fernando Adrian"]
[Result "0-1"]
[WhiteElo "1926"]
[BlackElo "2171"]
[PlyCount "96"]
[EventDate "2014.10.06"]
[EventType "swiss"]
[EventRounds "8"]
[EventCountry "ESP"]
[SourceTitle "EXT 2016"]
[Source "ChessBase"]
[SourceDate "2015.10.08"]
[SourceVersion "1"]
[SourceVersionDate "2015.10.08"]
[SourceQuality "1"]

1. e4 c5 2. Nc3 e6 3. g3 Nc6 4. Bg2 Nf6 5. d3 Be7 6. Nge2 0-0 7. 0-0 a6 8. a4 Rb8 9. h3 b5 10. axb5 axb5 11. Be3 Qc7 12. g4 Rd8 13. Ng3 d5 14. Nce2 dxe4 15. Nxe4 c4 16. d4 Nd5 17. c3 f5 18. gxf5 exf5 19. N4g3 g6 20. Bxd5+ Rxd5 21. Nf4 Rd8 22. Qf3 Qd6 23. Ng2 Rb7 24. Ra6 Bd7 25. Rfa1 Be8 26. Ra8 Bf7 27. Rxd8+ Bxd8 28. Ra8 Bd5 29. Qf4 Qd7 30. Qg5 Rb8 31. Rxb8 Nxb8 32. Qh6 Nc6 33. h4 Qg7 34. Qxg7+ Kxg7 35. h5 b4 36. Nf4 Bf7 37. d5 bxc3 38. bxc3 Ne5 39. h6+ Kf6 40. Bd4 Bc7 41. Nh3 Ke7 42. Bc5+ Bd6 43. Bxd6+ Kxd6 44. Ng5 Bg8 45. N3e4+ fxe4 46. Nxe4+ Kxd5 47. Nf6+ Ke6 48. Nxg8 Kf7 0-1

[Event "Barcelona Catalunya op 26th"]
[Site "Barcelona"]
[Date "2014.11.08"]
[Round "6"]
[White "Cardenas, Fernando Adrian"]
[Black "Lopez Agustench, Eduard"]
[Result "0-1"]
[WhiteElo "2060"]
[BlackElo "2317"]
[PlyCount "45"]
[EventDate "2014.09.27"]
[EventType "swiss"]
[EventRounds "9"]
[EventCountry "ESP"]
[SourceTitle "EXT 2017"]
[Source "ChessBase"]
[SourceDate "2016.10.25"]
[SourceVersion "1"]
[SourceVersionDate "2016.10.25"]
[SourceQuality "1"]

1. Nf3 c5 2. c4 Nf6 3. Nc3 e6 4. g3 b6 5. Bg2 Bb7 6. 0-0 Be7 7. Re1 d6 8. e4 a6 9. d4 cxd4 10. Nxd4 Qc7 11. Be3 0-0 12. Rc1 Nbd7 13. f4 Rfe8 14. b4 Rac8 15. Bf2 Bf8 16. Nb3 g6 17. a4 Qb8 18. Bf1 d5 19. e5 dxc4 20. exf6 cxb3 21. Qxb3 Nxf6 22. Bxb6 Qd6 23. Bc4 0-1